Ligne 50 du réseau Ilevia - Statistiques

Statistiques générales
  • Ce quiz a été pris 12 fois
    6 depuis la dernière actualisation
  • Le résultat moyen est 26 sur 40
Statistiques - réponses
Lignes Arrêt % Correct
50,CO3,L1,L90 Gare
100%
50,51,86,88,L5,L90,L91,L91E,BRT,M2,TWT,TWR Gare Lille Europe
100%
9 , 10 , 14 , 50,51,86,88,L5,L90,L91,L91E,BRT,M2,BREM1 , M1 TWT,TWR Gare Lille Flandres
100%
10,14,50,9 Les Bateliers
100%
10,14,50,9,NVL Ramadier
100%
50 Jacquet
83%
10,14,50,51,86,88,9,L90,L91 Lycée Louis Pasteur
83%
14,50 Pré Catelan
83%
50 , L91E , M2 St Maurice
83%
50 Ballon
67%
50 Bel Air
67%
10,14,50,9,NVL (vers Marcq Fermes Aux Oies) Caserne Kléber
67%
50,907,924 Cassel
67%
50,907 Grand St André
67%
50,907,924 Hondschoote
67%
L5 , 50 Marcq Mairie
67%
10,14,50,9,NVL (Vers Marcq Fermes Aux Oies) Pont Neuf
67%
50 Résistance
67%
50,CO3 Salengro
67%
50,923,924,CO3 Samain
67%
50,907,924,CO3 St Jean de Dieu
67%
50 Ulysse Trélat
67%
10,14,50,9,NVL W.Churchill
67%
50,923,CO3 Yser
67%
L5 , 50 Bailly
50%
50 , C10 , TWT , TWR Buisson
50%
50 , C10 , CO3 , TWT , TWR Clémenceau Hippodrome
50%
50 Dieu de Marcq
50%
50 Gassendi
50%
50 Gladbeck
50%
L5 , 50 Hautes Loges
50%
50 , CO3 Hippodrome
50%
L5 , 50 La Fayette
50%
904 , 905 , 906 , L5 Marcq Ferme Aux Oies
50%
L5 , 50 Marcq Piscine
50%
C10 , L5 , 50 Marcq Place
50%
50 Pilon
50%
C10 , L5 , 50 Quesne Mairie
50%
50 Rouges Barres
50%
50 Vanderberghe
33%
Aucun quiz correspondant
Distribution des résultats
% des personnes avec chaque résultat
Percentile par nombre de réponses
Votre historique - résultats
Vous n’avez pas pris ce quiz depuis la dernière actualisation